000 00610nam a2200205Ia 4500
005 20221122095043.0
008 131103s9999 xx 000 0 und d
040 _aLoreto College
041 _aEnglish
082 _a821.7
_bWOR-MAR
100 _aMargoliouth, H. M.
245 _aWordsworth and Coleridge 1795-1834
_cH. M. Margoliouth
260 _aLondon
_bOxford University Press
_c1953
300 _a206p.
504 _aIncludes biblographical references and index
650 _aEnglish literature
651 _aWordsworth and Coleridge - 18th centure - Biography
850 _aLCLIB
942 _cBK
999 _c21529
_d72008